Die Hugenotten (Record no. 9526)

MARC details
000 -CABECERA
campo de control de longitud fija 00846nam a2200253 a 4500
001 - NÚMERO DE CONTROL
campo de control BRL_714
005 - FECHA Y HORA DE LA ÚLTIMA TRANSACCIÓN
campo de control 20190320210850.0
008 - DATOS DE LONGITUD FIJA--INFORMACIÓN GENERAL
campo de control de longitud fija 300913s1880----gw-a######---#000-0#ger-#
041 ## - CÓDIGO DE LENGUA
Código de lengua del texto/banda sonora o título independiente ger
044 ## - CÓDIGO DEL PAÍS DE LA ENTIDAD EDITORA/PRODUCTORA
Código MARC del país gw
050 #4 - SIGNATURA TOPOGRÁFICA DE LA BIBLIOTECA DEL CONGRESO
Número de clasificación ML50.M623
Número de documento/Ítem .M49 1880
100 1# - ENTRADA PRINCIPAL--NOMBRE DE PERSONA
Nombre de persona Meyerbeer, Giacomo
Fechas asociadas al nombre 1791-1864
9 (RLIN) 24719
245 10 - MENCIÓN DE TÍTULO
Título Die Hugenotten
Resto del título grosse oper in fünf aufzügen
Mención de responsabilidad, etc. von Giacomo Meyerbeer; Dichtung von Eugene Scribe und Emile Deschamps.
260 ## - PUBLICACIÓN, DISTRIBUCIÓN, ETC.
Lugar de publicación, distribución, etc. Leipzig
Nombre del editor, distribuidor, etc. P. Reclam jun
Fecha de publicación, distribución, etc. 1880
300 ## - DESCRIPCIÓN FÍSICA
Extensión 143 p.
Otras características físicas il.
Dimensiones 15 cm.
440 #0 - MENCIÓN DE SERIE/PUNTO DE ACCESO ADICIONAL--TÍTULO
Título Reclams universal Bibliothek
Designación de volumen o secuencia Nr. 3651
9 (RLIN) 24720
500 ## - NOTA GENERAL
Nota general Au808
650 14 - PUNTO DE ACCESO ADICIONAL DE MATERIA--TÉRMINO DE MATERIA
Término de materia o nombre geográfico como elemento de entrada Operas
9 (RLIN) 24721
651 #4 - PUNTO DE ACCESO ADICIONAL DE MATERIA--NOMBRE GEOGRÁFICO
Nombre geográfico Francia
Subdivisión de forma Drama
Subdivisión general Historia
Subdivisión cronológica Las guerras de los hugonotes, 1562-1598
9 (RLIN) 24722
700 1# - PUNTO DE ACCESO ADICIONAL--NOMBRE DE PERSONA
Nombre de persona Deschamps, Emile
Fechas asociadas al nombre 1791-1871
9 (RLIN) 24723
700 1# - PUNTO DE ACCESO ADICIONAL--NOMBRE DE PERSONA
Nombre de persona Scribe, Eugene
Fechas asociadas al nombre 1791-1861
9 (RLIN) 24724
902 ## - CATALOGADOR
Iniciales GRL
942 ## - ELEMENTOS DE PUNTO DE ACCESO ADICIONAL (KOHA)
Fuente del sistema de clasificación o colocación Library of Congress Classification
Tipo de ítem Koha Libros
Holdings
Estado de retiro Estado de pérdida Estado dañado No para préstamo Localización permanente Ubicación/localización actual Fecha de adquisición Número de inventario Total de préstamos Signatura topográfica completa Código de barras Fecha visto por última vez Precio válido a partir de Tipo de ítem Koha
El ejemplar forma parte de la colección y puede ser consultado según las políticas vigentes.       Biblioteca Centro de Estudios Ruth D. Lechuga Biblioteca Centro de Estudios Ruth D. Lechuga 30/09/2013 Au808   ML50.M623 .M49 1880 (Au808) GRL00784 22/03/2019 22/03/2019 Libros